|
|
|
|
| LEADER |
00965nab a2200277 i 4500 |
| 001 |
publ39878 |
| 005 |
20260416120801.0 |
| 008 |
260416s2016 hu o 000 eng d |
| 022 |
|
|
|a 1361-9209
|
| 024 |
7 |
|
|a 10.1016/j.trd.2016.06.009
|2 doi
|
| 024 |
7 |
|
|a 3086620
|2 mtmt
|
| 040 |
|
|
|a SZTE Publicatio Repozitórium
|b hun
|
| 041 |
|
|
|a eng
|
| 100 |
1 |
|
|a Bai Attila
|
| 245 |
1 |
0 |
|a Technical and environmental effects of biodiesel use in local public transport
|h [elektronikus dokumentum] /
|c Bai Attila
|
| 260 |
|
|
|c 2016
|
| 300 |
|
|
|a 323-335
|
| 490 |
0 |
|
|a TRANSPORTATION RESEARCH PART D-TRANSPORT AND ENVIRONMENT
|v 47 No. 2016 August
|
| 650 |
|
4 |
|a Gépészmérnöki tudományok
|
| 700 |
0 |
1 |
|a Jobbágy Péter
|e aut
|
| 700 |
0 |
1 |
|a Popp József
|e aut
|
| 700 |
0 |
1 |
|a Farkas Ferenc
|e aut
|
| 700 |
0 |
1 |
|a Grasselli Gábor
|e aut
|
| 700 |
0 |
1 |
|a Szendrei János
|e aut
|
| 700 |
0 |
1 |
|a Balogh Péter
|e aut
|
| 856 |
4 |
0 |
|u http://publicatio.bibl.u-szeged.hu/39878/1/Q1_TRD_2016.pdf
|z Dokumentum-elérés
|